<?xml version="1.0" encoding="UTF-8"?>
<record
    xmlns:xsi="http://www.w3.org/2001/XMLSchema-instance"
    xsi:schemaLocation="http://www.loc.gov/MARC21/slim http://www.loc.gov/standards/marcxml/schema/MARC21slim.xsd"
    xmlns="http://www.loc.gov/MARC21/slim">

  <leader>01588aam a2200217 a 4500</leader>
  <controlfield tag="003">AR-RoUNCS</controlfield>
  <controlfield tag="005">20260625162048.0</controlfield>
  <controlfield tag="007">ta</controlfield>
  <controlfield tag="008">070426s2004    ag     |r     00| 0 spa d</controlfield>
  <datafield tag="020" ind1=" " ind2=" ">
    <subfield code="z">987-95843-5</subfield>
  </datafield>
  <datafield tag="040" ind1=" " ind2=" ">
    <subfield code="a">AR-RoUNCS</subfield>
    <subfield code="b">spa</subfield>
    <subfield code="c">AR-RoUNCS</subfield>
  </datafield>
  <datafield tag="041" ind1=" " ind2=" ">
    <subfield code="a">spa</subfield>
  </datafield>
  <datafield tag="100" ind1="1" ind2=" ">
    <subfield code="a">Schuster, F&#xE9;lix Gustavo</subfield>
    <subfield code="e">autor</subfield>
  </datafield>
  <datafield tag="245" ind1="1" ind2="3">
    <subfield code="a">El m&#xE9;todo en las ciencias sociales / </subfield>
    <subfield code="c">F&#xE9;lix Gustavo Schuster.</subfield>
  </datafield>
  <datafield tag="260" ind1=" " ind2=" ">
    <subfield code="a">[Buenos Aires] : </subfield>
    <subfield code="b">Editores de Am&#xE9;rica Latina,</subfield>
    <subfield code="c">c2004.</subfield>
  </datafield>
  <datafield tag="300" ind1=" " ind2=" ">
    <subfield code="a">139 p. ; </subfield>
    <subfield code="c">17 cm.</subfield>
  </datafield>
  <datafield tag="505" ind1="0" ind2=" ">
    <subfield code="a">1. Las ciencias sociales: facticidad y confrontaci&#xF3;n -- 2. M&#xE9;todo, realidad e investigaci&#xF3;n -- 3. &#xBF;Uno o varios m&#xE9;todos? -- 4. M&#xE9;todo axiom&#xE1;tico y modelos -- 5. Inducci&#xF3;n y m&#xE9;todo hipot&#xE9;tico-deductivo -- 6. M&#xE9;todo abstracto-deductivo y dial&#xE9;ctica -- 7. Comprensi&#xF3;n, fenomenolog&#xED;a y m&#xE9;todo progresivo-regresivo.</subfield>
  </datafield>
  <datafield tag="520" ind1=" " ind2=" ">
    <subfield code="a">&#xBF;Se utilizan en las ciencias sociales m&#xE9;todos compartidos con otras disciplinas cient&#xED;ficas? &#xBF;Disponen las ciencias sociales de m&#xE9;todos propios? &#xBF;C&#xF3;mo aportan los m&#xE9;todos al conocimiento cient&#xED;fico?: son algunas de las cuestiones que se intentan resolver en este libro, que trata el problema del m&#xE9;todo en las ciencias sociales sistem&#xE1;tica y cr&#xED;ticamente. Los m&#xE9;todos axiom&#xE1;tico, inductivo, hipot&#xE9;tico-deductivo, abstracto-deductivo, dial&#xE9;ctico, de la compresi&#xF3;n, fenomenol&#xF3;gico y progresivo-regresivo son analizados te&#xF3;rica y pr&#xE1;cticamente, en su aplicaci&#xF3;n a la ciencia social y a la investigaci&#xF3;n cient&#xED;fica.</subfield>
  </datafield>
  <datafield tag="650" ind1=" " ind2="7">
    <subfield code="a">Ciencias sociales</subfield>
    <subfield code="x">Metodolog&#xED;a</subfield>
    <subfield code="x">Investigaci&#xF3;n</subfield>
    <subfield code="2">embne</subfield>
  </datafield>
  <datafield tag="942" ind1=" " ind2=" ">
    <subfield code="2">udc</subfield>
    <subfield code="c">OG</subfield>
    <subfield code="n">0</subfield>
  </datafield>
  <datafield tag="999" ind1=" " ind2=" ">
    <subfield code="c">1060</subfield>
    <subfield code="d">1060</subfield>
  </datafield>
  <datafield tag="952" ind1=" " ind2=" ">
    <subfield code="0">0</subfield>
    <subfield code="1">0</subfield>
    <subfield code="2">udc</subfield>
    <subfield code="4">0</subfield>
    <subfield code="7">0</subfield>
    <subfield code="8">CG</subfield>
    <subfield code="a">ESOCIALES</subfield>
    <subfield code="b">ESOCIALES</subfield>
    <subfield code="d">2026-06-25</subfield>
    <subfield code="e">Donaci&#xF3;n 2026</subfield>
    <subfield code="l">0</subfield>
    <subfield code="o">303.1 Sch395</subfield>
    <subfield code="p">001538</subfield>
    <subfield code="r">2026-06-25 15:58:50</subfield>
    <subfield code="w">2026-06-25</subfield>
    <subfield code="y">OG</subfield>
  </datafield>
</record>
